Statistics for Biggest Cities in Finland on a Map

Click here to take the quiz!

General Stats

  • This quiz has been taken 1,657 times
    (1,572 since last reset)
  • The average score is 8 of 12

Answers on the Map

Answers color-coded by a green-red scale on the quiz's map according to % correct below.
 

Answer Stats

PopulationCity% Correct
656,920Helsinki
100%
213,217Tampere
89%
194,391Turku
88%
207,237Oulu
87%
292,796Espoo
81%
237,231Vantaa
68%
143,420Jyväskylä
62%
119,984Lahti
60%
120,210Kuopio
57%
83,684Pori
55%
76,935Joensuu
49%
81,187Kouvola
43%

Score Distribution

Percentile by Number Answered

Percent of People with Each Score

Your Score History

You have not taken this quiz since the last reset